000 00420nam a22001457a 4500
003 OSt
005 20211229092241.0
008 211229b |||||||| |||| 00| 0 eng d
040 _cHU
082 _a634.9990973NON1983
245 _aNonindustrial private forests : a review of economic and policy studies : symposium proceedings, April 19-20, 1983
260 _c1983
300 _a398P
_bPC
_c24cm
942 _2ddc
_cBOOKS
_n0
999 _c24800
_d24800